Statistiques concernant Les pays contenant beaucoup de chrétiens (entre 80 % et 90 %)

Cliquez ici pour prendre le quiz!

Statistiques générales

  • Ce quiz a été pris 64 fois
  • Le résultat moyen est 12 sur 32

Statistiques - réponses

Hint Answer % Correct
87,6 %Brésil
79%
88,1 %Pérou
67%
87,2 %Chili
63%
82,7 %Russie
61%
86,7 %Portugal
56%
85,0 %Cuba
51%
89,6 %Nicaragua
47%
86,0 %Monaco
46%
86,2 %Norvège
46%
80,0 %Biélorussie
44%
83,0 %Honduras
44%
83,0 %Autriche
44%
84,0 %Bulgarie
42%
85,9 %République du Congo
40%
80,9 %Danemark
39%
83,8 %Slovaquie
39%
83,0 %Costa Rica
39%
80,0 %Afrique du Sud
39%
85,0 %Lituanie
35%
81,9 %Salvador
32%
87,0 %Luxembourg
32%
88,7 %Dominique
30%
80,3 %République centrafricaine
25%
85,1 %Kenya
25%
88,6 %Géorgie
25%
80,0 %Lesotho
23%
80,0 %Zimbabwe
21%
88,6%Ouganda
21%
83,2 %Liechtenstein
19%
85,6 %Liberia
16%
81,0 %Tonga
9%
82,4 %Vanuatu
7%

Distribution des résultats

Percentile by Number Answered

% des personnes avec chaque résultat

Votre développement - résultats

Vous n’avez pas pris ce quiz